Современная электродинамика и причины ее парадоксальности. Перспективы построения непротиворечивой электродинамики: Монография

Detalles Bibliográficos
Autor principal: Николаев Г. В. Геннадий Васильевич
Autor Corporativo: Томский политехнический университет
Lenguaje:ruso
Publicado: Томск, [Б. и.], 1996
Materias:
Formato: Libro
KOHA link:https://koha.lib.tpu.ru/cgi-bin/koha/opac-detail.pl?biblionumber=2662

MARC

LEADER 00000nam0a2200000 4500
001 2662
005 20231030174043.0
035 |a (RuTPU)RU\TPU\book\2675 
035 |a BOOK00002691 
090 |a 2662 
100 |a 20011209d1996 k y0rusy50 ca 
101 0 |a rus 
102 |a RU 
105 |a y z 000zy 
200 1 |a Современная электродинамика и причины ее парадоксальности. Перспективы построения непротиворечивой электродинамики  |e Монография  |f Г. В. Николаев  |g Томский политехнический университет 
210 |a Томск  |c [Б. и.]  |d 1996 
215 |a 150 с. 
610 1 |a электромагнетизм 
610 1 |a электродинамика 
675 |a 537.8  |v 3 
700 1 |a Николаев  |b Г. В.  |g Геннадий Васильевич 
712 0 2 |a Томский политехнический университет  |2 stltpush  |3 (RuTPU)RU\TPU\col\376 
801 0 |a RU  |b 63413507  |c 20011209  |g PSBO 
801 2 |a RU  |b 63413507  |c 20101013  |g PSBO 
942 |c BK